Polgári jog családjog /
Elmentve itt :
| Szerző: | |
|---|---|
| Dokumentumtípus: | Könyv |
| Megjelent: |
R.I.M.Á.K Kiadó
Budapest
2023
|
| Kulcsszavak: | polgári jog családjog |
| Tárgyszavak: | |
| Online Access: | http://eta.bibl.u-szeged.hu/5926 |
| LEADER | 00801nnm a2200241 i 4500 | ||
|---|---|---|---|
| 001 | eta5926 | ||
| 005 | 20240408084946.0 | ||
| 008 | 240408s2023 hu o 0|| hun d | ||
| 020 | |a 9786156070043 | ||
| 040 | |a SZTE Elektronikus Tananyag Archívum |b hun | ||
| 041 | |a hun | ||
| 100 | 1 | |a Hegedűs Andrea | |
| 245 | 1 | 0 | |a Polgári jog |h [elektronikus dokumentum] : |b családjog / |c Hegedűs Andrea |
| 260 | |a R.I.M.Á.K Kiadó |b Budapest |c 2023 | ||
| 300 | |a 322 | ||
| 516 | |a Book | ||
| 650 | 4 | |a Társadalomtudományok | |
| 650 | 4 | |a Jogtudomány | |
| 650 | 4 | |a Jog, kriminológia, büntetéstudomány | |
| 650 | 4 | |a Magánjog, közjog és szociális jog | |
| 695 | |a polgári jog | ||
| 695 | |a családjog | ||
| 856 | 4 | 0 | |u https://eta.bibl.u-szeged.hu/5926/1/Csal%C3%A1djog%202023%20NYOMDA%2010.01.pdf |z Dokumentum-elérés |